| 000 | 00440nam a2200133 i 4500 | ||
|---|---|---|---|
| 001 | bg | ||
| 100 | 1 | _aSTEFAŃSKI, Ryszard A. | |
| 245 | 0 |
_aPrawo o ruchu drogowym z komentarzem do zmian wprowadzonych ustawami z 27 lipca 1991 r.i z 6 marca 1992 r. : _bstan prawny na dzień 31 V 1992r. / _cRyszard A. Stefański. |
|
| 260 |
_aWarszawa, _c1992. |
||
| 040 | _cBPK | ||
| 041 | _apol | ||
| 942 | _cKS | ||
| 008 | s pl f |000 0 pol | ||
| 999 |
_c29705 _d29705 |
||
| 856 |
_uhttp://koha.tu.koszalin.pl/cgi-bin/koha/opac-detail.pl?biblionumber=29705 _yKatalog online BPK |
||